Merry Christmas - Ed Sheeran & Elton John (All Lyrics) - Statistics

General Stats
  • This quiz has been taken 12 times
  • The average score is 254 of 336
Answer Stats
Answer % Correct
a
100%
and
100%
And
100%
Christmas
100%
Christmas,
100%
I
100%
is
100%
me
100%
Merry
100%
So
100%
so
100%
you
100%
have
91%
it
91%
it's
91%
It's
91%
my
91%
My
91%
on
91%
the
91%
The
91%
this
91%
time
91%
to
91%
when
91%
but
82%
But
82%
fire
82%
for
82%
go
82%
in
82%
know
82%
never
82%
now,
82%
of
82%
out
82%
see
82%
snow
82%
then
82%
we
82%
where
82%
all
73%
All
73%
are
73%
could
73%
Every
73%
good
73%
Just
73%
just
73%
kiss
73%
let
73%
look
73%
mistletoe
73%
much
73%
Next
73%
night
73%
there's
73%
tree
73%
under
73%
up
73%
who
73%
with
73%
would
73%
year,
73%
year
73%
beautiful
64%
been
64%
come
64%
everyone
64%
eyes,
64%
family
64%
friends
64%
fun
64%
gather
64%
God,
64%
here,
64%
our
64%
pray
64%
Right
64%
through
64%
us
64%
We'll
64%
we'll
64%
we're
64%
wish
64%
along
55%
best
55%
can
55%
carry
55%
comes
55%
December
55%
feel
55%
let's
55%
love,
55%
love
55%
ones
55%
pain
55%
'round
55%
sing
55%
song
55%
together
55%
wine,
55%
Ah
45%
(Ah)
45%
Build
45%
dance
45%
Fill
45%
gone?
45%
got
45%
having
45%
kitchen
45%
Pour
45%
raging
45%
toast
45%
Filled
36%
glass
36%
keep
36%
kissin'
36%
known
36%
spare
36%
thought
36%
We've
36%
while
36%
While
36%
both
27%
embers
27%
glow
27%
maybe
27%
helpin'
18%
Christms
9%
belond
0%
No matching quizzes found
Score Distribution
Percent of People with Each Score
Percentile by Number Answered
Your Score History
You have not taken this quiz